000 00795nam a2200229Ia 4500
003 GCL
008 140319s9999 xx 000 0 ara d
040 _aGCL /
_cGCL
082 0 4 _a414
_bب م
100 1 _aعبدالقادر حسين
245 1 0 _aمقدمة شرح نهج البلاغة: فن البلاغة والخطابة وفضائل الامام على /
_cعبدالقادر حسين
700 1 _aالبحرانى, كمال الدين ميثم
300 _a255 ص
490 _a100 قصة
_v0
650 0 4 _aالخطابة
650 0 4 _aالبلاغة العربية
650 0 4 _aالبيان
650 0 4 _aالبلاغة العربية- المعانى
650 0 4 _aعلى بن ابى طالب
650 0 4 _aالبلاغة العربية - البديع
942 _2ddc
_cBK
999 _c45059
_d45059